000 00267nam a22001217a 4500
008 181012b xxu||||| |||| 00| 0 eng d
041 _aeng
080 _26th
_a311
100 _a55
101 _aSTA
245 _aIntroductory Statistics
_cMann, P.S
942 _2udc
_cBK
999 _c49519
_d49519